Szczegóły MARC21

Łacińsko-polskie nazewnictwo w rehabilitacji medycznej /

003 -Nazwa inst., której nr kontr. jest w polu 001 [,]
    • @
    • Nazwa instytucji, której n kontrolny jest w polu 001
    • NUKAT
005 -DATA I CZAS OSTATNIEJ MODYFIKACJI [,]
    • @
    • pole kontrolne
    • 20241231100834.0
020 -Międzynarod. znormalizowany nr książki - ISBN [ , ]
    • a
    • Numer ISBN
    • 8385279598 Find
040 -Instytucja sporządzająca opis [ , ]
    • a
    • Instytucja, która sporządziła opis (NP)
    • KR 122/DP
    • c
    • Instytucja, która sporządziła rekord (NP)
    • KR 122/DP
    • d
    • Instytucja, która zmodyfikowała rekord (P)
    • KR 122/MN
041 -Język dokumentu [0, ]
    • a
    • Język tekstu (P)
    • polski
    • a
    • Język tekstu (P)
    • łaciński
942 -Rodzaj dokumentu [ , ]
    • c
    • Rodzaj dokumentu
    • Książka
100 -Hasło główne - nazwa osobowa [1, ]
    • a
    • Nazwa osobowa (NP)
    • Rosławski, Adam
    • d
    • Daty biograficzne (NP)
    • (1916-2001).
    • 9
    • KHW
    • 57029
245 -Strefa tytułu i oznaczenia odpowiedzialności [1,0]
    • a
    • Tytuł
    • Łacińsko-polskie nazewnictwo w rehabilitacji medycznej / Find
    • c
    • Pozostałe elementy strefy tytułu i oznaczenia odpowiedzialności (NP)
    • Adam Rosławski.
260 -Strefa adresu wydawniczego [ , ]
    • a
    • Miejsce wydania (P)
    • Wrocław :
    • b
    • Nazwa wydawcy (P)
    • Wydawnictwo Akademii Wychowania Fizycznego,
    • c
    • Data wydania (P)
    • 1994.
300 -Strefa opisu fizycznego [ , ]
    • a
    • Określenie formy książki i/lub objętość (NP)
    • 43, [1] s. ;
    • c
    • Format (NP)
    • 24 cm.
336 -Typ zawartości [ , ]
    • a
    • Termin opisujący typ zawartości
    • Tekst
    • b
    • Kod określający zawartość
    • txt
    • 2
    • Źródło (terminu i kodu)
    • rdacontent
337 -Typ mediów [ , ]
    • a
    • Tryb odtwarzania
    • Bez urządzenia pośredniczącego
    • b
    • Kod typu mediów
    • n
    • 2
    • Źródło (terminu i kodu)
    • rdamedia
338 -Typ/rodzaj nośnika [ , ]
    • a
    • Hasło opisujące typ nośnika
    • Wolumin
    • b
    • Kod typu nośnika
    • nc
    • 2
    • Źródło (terminu i kodu)
    • rdacarrier
490 -Strefa serii i książki wielotomowej - forma nie do wyszukiwania [1, ]
    • a
    • Tytuł (P)
    • Seria D, Rehabilitacja / Akademia Wychowania Fizycznego we Wrocławiu Find
830 -Hasło dodatkowe serii i opisu książki wielotomowej - tytuł ujednolicony/tytuł [ ,0]
    • a
    • Tytuł ujednolicony/tytuł (NP)
    • Seria D,
    • p
    • Nazwa części/podserii/sekcji (P)
    • Rehabilitacja - Akademia Wychowania Fizycznego
    • 9
    • KHW
    • 472186
080 -Uniwersalna Klasyfikacja Dziesiętna [ , ]
    • a
    • Symbol klasyfikacji
    • 807.1
080 -Uniwersalna Klasyfikacja Dziesiętna [ , ]
    • a
    • Symbol klasyfikacji
    • :808.4-3
080 -Uniwersalna Klasyfikacja Dziesiętna [ , ]
    • a
    • Symbol klasyfikacji
    • :61
650 -Hasło przedmiotowe [ ,7]
    • a
    • Hasło przedmiotowe
    • Medycyna
    • v
    • Określnik formalny
    • słowniki łacińskie.
    • 2
    • Źródło terminu
    • kaba
    • 9
    • KHW
    • 360181
650 -Hasło przedmiotowe [ ,7]
    • a
    • Hasło przedmiotowe
    • Medycyna
    • v
    • Określnik formalny
    • słowniki polskie.
    • 2
    • Źródło terminu
    • kaba
    • 9
    • KHW
    • 360182
980 -Symbol UKD [ , ]
    • a
    • UKD
    • 807.1:808.4]-3:61
710 -Hasło dodatkowe - nazwa ciała zbiorowego [2, ]
    • a
    • Nazwa ciała zbiorowego lub nazwa geograficzna jako pierwszy element (NP)
    • Akademia Wychowania Fizycznego (Wrocław).
    • b
    • Nazwa jednostki podrzędnej (P)
    • Wydawnictwo.
    • 4
    • Kod relacji
    • pbl
    • 9
    • KHW
    • 57496
920 -ISBN [ , ]
    • a
    • ISBN
    • 83-85279-59-8 Find
Status udost. Numer inwentarzowy Data inwentaryzacji Lokalizacja Sygnatura
1WF.46471996-02-21BMMed. słowniki jęz. 04